• 首页
  • 本馆介绍
  • 公告通知
  • 最新文献
  • 馆藏检索
  • 电子资源
  • 读者导购
  • 参考咨询
  • 我的图书馆
  • 登录
  • 详细信息显示
  • 放入我的书架
  • 预约/预借图书
  • 作者相关作品
  • 分类相关作品
  • 丛书相关作品
  • 出版社相关作品

书目信息

  • 表格格式
  • 工作单格式
  • 卡片格式
题名:
列宁论马克思恩格斯及马克思主义
    
 
作者: ;中共中央马恩列斯著作编译局 编译
分册:  
出版信息: 北京   人民出版社  1973
页数: 508页
开本: 21cm
丛书名:
单 册:
中图分类: A226
科图分类:
主题词: 列字著作--单行本
电子资源:
ISBN:
000 00682nam0 2200217 45
001 0311251565
005 20060413143305.09
010    @dCNY0.88
091    @a100.14
100    @a20031125d1973 km y0chiy0120 ea
101 0  @achi@crus
200 1  @a列宁论马克思恩格斯及马克思主义@ALie Ning Lun Ma Ke Si En Ge Si Ji Ma Ke Si Zhu Yi@f中共中央马恩列斯著作编译局编译@FZhong Gong Zhong Yang Ma En Lie Si Zhu Zuo Bian Yi Ju Bian Yi
205    @a4版
210    @a北京@c人民出版社@d1973
215    @a508页@d21cm
300    @a书后附注释
606 0  @a列字著作@x单行本
690    @aA226@v3
711 02 @a中共中央马恩列斯著作编译局@4编译
801    @aCN@bTSTC@c20060413
905    @dA226@e16:1411
    
    列宁论马克思恩格斯及马克思主义/中共中央马恩列斯著作编译局编译.-4版.-北京:人民出版社,1973
    508页;21cm
    书后附注释
    
    ISBN :CNY0.88
    
●
相关链接 在E读中查询图书 在五车中查询图书 在当当中查询图书 在豆瓣中查询图书


正题名:列宁论马克思恩格斯及马克思主义     索取号:A226/16:1411         预约/预借

序号 登录号 条形码 馆藏地/架位号 状态 备注
1 0065494   000951517   第一借阅区/ [索取号:A226/16:1411] 在馆    
2 0065572   000951492   第一借阅区/ [索取号:A226/16:1411] 在馆    
3 0065573   000951456   第一借阅区/ [索取号:A226/16:1411] 在馆    
4 0065574   001523328   密集书库/ [索取号:A226/16:1411] 在馆    
5 0065577   001523364   密集书库/ [索取号:A226/16:1411] 在馆    
6 0065578   202251035   密集书库/ [索取号:A226/16:1411] 在馆    
7 0065580   000951535   第一样本阅览室/ [索取号:A226/16:1411] 在馆    
唐山师范学院图书馆 欢迎您!
大连网信软件有限公司© 版权所有